000 00953nam0a22002411 4500
001 RU\NLR\BIBL_A\022559385
005 20250806205656.0
035 _a(NLR Aleph) 022559385
090 _a88399
_c88399
100 _a20250604d1941 u y0rusy50 ca
101 0 _arus
102 _aKZ
105 _ay z |||||
200 1 _aАбоненты Уральской телефонной станции на 1941 год
_fНаркомат связи СССР
210 _aУральск
_cИзд-во Уральской конторы связи
_d1941
215 _a34, [13] с.
_d20
712 0 1 _aСССР
_bНародный комиссариат связи
_3RU\NLR\AUTH\8810123168
_4570
852 _aNLR
_bФГО
_jО20 Г-4/3
942 _cBOOK
945 _aРоссийская национальная библиотека
_aНациональная библиотека Республики Казахстан
980 _aNB
980 _aBV